History Quiz

Random History Quiz

Political Parties of US State Governors Quiz Stats

 Plays Quiz not verified by Sporcle

Score 0/33 Timer 10:00
0 Plays Today
Years Active Party % Correct
1828-PresentDemocratic
100%
1854-PresentRepublican
100%
1833-1854Whig
94.7%
1789-1820Federalist
92.1%
1792-1824Democratic-Republican
89.5%
1992-PresentIndependence Party of Minnesota
81.6%
1844-1860American
78.9%
1912-1914Progressive
73.7%
1934-1946Progressive
68.4%
1892-1908Peoples'
44.7%
1944-PresentMinnesota Democratic-Farmer-Labor
42.1%
1866-1871Conservative
42.1%
1984-PresentAlaskan Independence
39.5%
1874-1889Greenback
39.5%
1824-1837National Republican
36.8%
1869-PresentProhibition
36.8%
1828-1838Anti-Masonic
36.8%
Years Active Party % Correct
1870-1872Liberal Republican
34.2%
1915-1956Non-Partisan League
34.2%
1918-1944Farmer-Labor
34.2%
1892-1911Silver
28.9%
1990-1994A Connecticut Party
28.9%
1860-1861Constitutional Union
26.3%
1789-1792Anti-Administration
23.7%
1852-1861Unionist
23.7%
1828-1839Nullifier
21.1%
1956-PresentNorth Dakota Democratic-Nonpartisan League
18.4%
1841-1850sLaw and Order Party of Rhode Island
15.8%
1877-1895Readjuster
10.5%
1839-1843Rhode Island
10.5%
1789-1811Country
7.9%
1891-1894North Dakota Democratic Independent
5.3%
1841-1842Dorr Rebellion
5.3%

You're not logged in!

Compare scores with friends on all Sporcle quizzes.
OR
Log In

Sporcle TV

Today on Sporcle TV


Watch our educational content, quiz creation guides, and fun videos on Sporcle TV.

Show Comments

Extras

Created Sep 6, 2017ReportNominate
Tags:governor, Political Party, USA

Top Quizzes Today


Score Distribution

Your Account Isn't Verified!

In order to create a playlist on Sporcle, you need to verify the email address you used during registration. Go to your Sporcle Settings to finish the process.

Report this User

Report this user for behavior that violates our Community Guidelines.

Details: